000 00352pab a2200145 454500
008 180718b1988 xxu||||| |||| 00| 0 eng d
100 _aDang, Satyapal
245 _aPunjab bureaucracy
_bA pleasant surprise
260 _c1988
300 _a14,30
362 _a18 June
650 _aBureaucracy - India - Punjab
773 _aMainstream
909 _a4995
999 _c4995
_d4995